Papagayo (Record no. 108599)

MARC details
000 -LÍDER
campo de controle de tamanho fixo 00525 a2200217 4500
001 - NÚMERO DE CONTROLE
campo de controle 108599
020 ## - ISBN - INTERNATIONAL STANDARD BOOK NUMBER
ISBN - International Standard Book Number 0152594647
041 ## - CÓDIGO DE IDIOMA
Código do idioma do texto/trilha sonora ou título diferente eng
082 ## - CDD - CLASSIFICAÇÃO DECIMAL DE DEWEY
Número de Classificação 398
040 ## - FONTE DA CATALOGAÇÃO
Instituição da catalogação original BR-BrIDEA
Instituição que transcreveu o registro BR-BrIDEA
090 ## - NÚMERO DE CHAMADA LOCAL
Número de chamada (OCLC) (R); Número de chamada, CALL (RLIN) (NR) P Year 4 398
Número Cutter local (OCLC); Número de classificação do livro, CALL (RLIN) MCD
100 ## - ENTRADA PRINCIPAL--NOME PESSOAL
Nome pessoal McDermott, Gerald.
250 ## - EDIÇÃO
Edição . ed.
245 10 - TÍTULO
Título Papagayo
Restante do título the mischief maker
Indicação de responsabilidade, etc. Gerald McDermott
260 ## - PUBLICAÇÃO, DISTRIBUIÇÃO, ETC.
Local de publicação, distribuição, etc. New York
Nome do editor, distribuidor, etc. Harcourt
Data da publicação, distribuição, etc. 1992
300 ## - DESCRIÇÃO FÍSICA
Extensão [40] p.
697 ## - ENTRADA DE ASSUNTO LOCAL--ENTIDADE COLETIVA (RLIN)
Nome corporativo ou nome da jurisdição Parrots - Fiction.
697 ## - ENTRADA DE ASSUNTO LOCAL--ENTIDADE COLETIVA (RLIN)
Nome corporativo ou nome da jurisdição Jungles - Fiction.
856 ## - LOCALIZAÇÃO ELETRÔNICA E ACESSO
Uniform Resource Identifier <a href="00001a/00001af6.jpg">00001a/00001af6.jpg</a>
942 ## - ELEMENTOS DE ENTRADA ADICIONADOS (KOHA)
Tipo de material Koha Livros
Holdings
Situação do descarte Situação das perdas Fonte da classificação ou esquema de arquivamento na estante Situação física Não pode ser emprestado Biblioteca de origem Biblioteca atual Data de aquisição Total de empréstimos Número de chamada completo Código de barras Data de último acesso Data do preço efetivo Tipo de material Koha Data do último empréstimo
    Classificação Decimal de Dewey     ECB - SUDOESTE ECB - SUDOESTE 19/12/2016   P Year 4 398 00028421SSW 23/01/2024 23/01/2024 Livros  
    Classificação Decimal de Dewey     ECB - SUDOESTE ECB - SUDOESTE 06/01/2016   P Year 4 398 00022230SSW 23/01/2024 23/01/2024 Livros  
    Classificação Decimal de Dewey     ECB - SUDOESTE ECB - SUDOESTE 10/03/2015   P Year 4 398 00014243SSW 23/01/2024 23/01/2024 Livros  
    Classificação Decimal de Dewey     ECB - ÁGUAS CLARAS ECB - ÁGUAS CLARAS 12/02/2021 1 AP Year 4 398 MCD 00053071AGC 11/04/2024 23/01/2024 Livros 07/03/2024
    Classificação Decimal de Dewey     ECB - ÁGUAS CLARAS ECB - ÁGUAS CLARAS 12/02/2021 1 AP Year 4 398 MCD 00053072AGC 12/04/2024 23/01/2024 Livros 07/03/2024